| 000 | 005670000a22001810004500 | ||
|---|---|---|---|
| 090 |
_aAR _b00902 |
||
| 245 | 1 | 0 | _aFloodplain vegetation mosaics in western Amazonia |
| 650 | 1 | 4 |
_aEcología del paisaje _992227 |
| 650 | 1 | 4 |
_aMosaicos de vegetación _994086 |
| 650 | 1 | 4 |
_aPlanicies de inundación _994087 |
| 650 | 1 | 4 |
_aBiodiversidad _992204 |
| 651 | 4 |
_lRío Ucayali, Río Madre de Dios _pPerú _992749 |
|
| 041 | 0 | _aInglés | |
| 700 | 1 |
_aKalliola, Risto _913574 |
|
| 100 | 1 |
_aPuhakka, Maarit _994088 |
|
| 942 | _cARTICULO | ||
| 773 | 1 |
_tBiogeographica _3325 _h1 _q1-14 _d1995 _g71 |
|
| 999 |
_c9990 _d9990 |
||